000 00418pab a2200157 454500
008 180718b2003 xxu||||| |||| 00| 0 eng d
100 _aMitchell, Kenneth D.
245 _aThe other homeland security threat: bureaucratic haggling
260 _c2003
300 _ap.15-18.
362 _aSpring
650 _aState security - United States
650 _aState security
773 _aPublic Manager
909 _a56818
999 _c56818
_d56818